Responses for Show #8712 - Tuesday, October 4, 2022

Cris Pannullo game 3.

Contestants

[<< previous game]

Jacqueline Liao, an engineer from Pittsburgh, Pennsylvania

Sean Holloway, a software engineer originally from Kansas City, Kansas

Cris Pannullo, a customer success operations manager from Ocean City, New Jersey (whose 2-day cash winnings total $63,379)

[next game >>]

Jeopardy! Round responses

THE 50 STATES
A "C" IN LITERATURE
SHIPS & BOATS
TOYING WITH YOU
THEIR FIRST U.S. NO. 1 HIT
IT'S A MYSTERY
    $200 11
North Carolina

Cris
    $200 26
Christopher Robin

Cris
    $200 29
a tugboat

Sean
    $200 30
(Jacqueline: Who is Mr. Potato?)
...
(Ken: You ran the category.)
[Applause]

Mr. Potato Head

CrisJacqueline
    $200 28
(Ed) Sheeran

Jacqueline
    $200 24
secret

Cris
    $400 10
Nixon

Jacqueline
    $400 12
Caspian

Sean
    $400 27
a dugout

Cris
    $400 25
cardboard

Cris
    $400 21
the Spice Girls

Cris
    $400 23
a puzzle

Sean
    $600 3
(Cris: What is Dairy?)

Dairyland

CrisSean
    $600 5
A Clockwork Orange

Cris
    $600 9
(Jacqueline: What is a canoe?)

kayak

CrisJacqueline
    $4,600 16
Hot Wheels

Cris
    $600 17
Tears for Fears

Jacqueline
    $600 20
Sphinx

Cris
    $800 1
Maryland

Jacqueline
    $800 4
(Cris: What is Copperfield?)
...
(Ken: Yes, Bob [*] and Tiny Tim.)

Cratchit

CrisJacqueline
    $800 8
a ferry

Sean
    $800 14
Play-Doh

Cris
    $800 18
Bruno Mars

Jacqueline
    $800 15
a (liar's) paradox

Cris
    $1000 2
Mackinac (Island)

Cris
    $1000 6
The Canterbury Tales

Sean
    $1000 7
(Sean: What is Caribbean?)

Royal Caribbean

CrisSean
    $1000 13
(Ken: It's fun for a boy or a girl, yes.)

a Slinky

Cris
    $1000 19
(Ken: [In exaggerated deep voice] [*], that's correct.)

(Barry) White

Cris
    $1000 22
(Ken: You figured it out, there's a drum at the end.)

conundrum

Sean

Scores at the first commercial break (after clue 15):

Cris Sean Jacqueline
$4,600 $1,800 $1,400

Scores at the end of the Jeopardy! Round:

Cris Sean Jacqueline
$12,600 $3,400 $2,800

Double Jeopardy! Round responses

CENTRAL AMERICAN HISTORY
SEE 'EM AT THE MUSEUM
WAIT JUST A MINERAL!
ALL THAT GLITTERS
FILMS BY CHARACTERS
THE "IZE" HAVE IT
    $400 27
(Cris: Uh, what is a compass?)
(Sean: What is a map?)

a lighthouse

CrisSean
Triple Stumper
    $400 28
the British Museum

Sean
    $400 24
(Jacqueline: What is... granite?)
(Ken: The Q and the Z.)

quartz

CrisJacqueline
    $400 29
glam

Cris
    $400 30
Casablanca

Sean
    $400 26
marginalize

Cris
    $800 16
coffee

Cris
    $800 25
Prado

Cris
    $800 23
iron pyrite (fool's gold)

Triple Stumper
    $800 11
aluminum

Cris
    $800 15
Animal House

Cris
    $800 10
editorialize

Cris
    $1200 2
El Salvador

Triple Stumper
    $1200 7
(Jacqueline: What is the Louvre?)

the Museé d'Orsay

CrisJacqueline
    $3,000 9
plaster of Paris

Cris
    $1200 22
The Kiss

Sean
    $1200 14
(Cris: Oh, uh, what is Hook?)
...
(Ken: Cris had the director right, but the wrong movie.)

E.T.

CrisJacqueline
    $1200 17
caramelize

Cris
    $1600 1
the Sandinistas

Cris
    $4,900 4
MoMA (the Museum of Modern Art)

Cris
    $1600 5
(Jacqueline: What is talc?)
(Sean: What is gold?)
...
(Ken: Cris? No 4-letter mineral?)
(Cris: I mean, I can take a guess, but I'm not gonna buzz in.)

mica

SeanJacqueline
Triple Stumper
    $1600 6
(Jane) Goodall

Cris
    $1600 12
(Ken: Definitely!)

Rain Man

Jacqueline
    $1600 21
(Jacqueline: What is...)

internalize

CrisJacqueline
    $2000 3
(Jacqueline: What is Belém?)
(Ken: The road and the town are still there, [*].)

Portobelo

Jacqueline
Triple Stumper
    $2000 8
the Uffizi

Cris
    $2000 20
lapis lazuli

Sean
    $2000 18
The Merchant of Venice

Cris
    $2000 13
The Shape of Water

Sean
    $2000 19
polarize

Jacqueline

Scores at the end of the Double Jeopardy! Round:

Cris Sean Jacqueline
$35,300 $7,400 $800
(lock game)

[wagering suggestions for these scores]

Final Jeopardy! Round responses

ASIAN COUNTRY NAMES
(Ken: [To Jacqueline] It does have M N O but not in alphabetic sequence, I'm afraid.)
...
(Sean: I tried Kyrgyzstan.)
...
(Ken: The letters are consecutive F-G-H in [*]. [To Cris and Sean] You were in the right neighborhood - both of you in the 'stans.)
JacquelineWhat is Mongolia?
$800
SeanWhat Kyrgyr
$0
CrisWhat is Tajikistan
$15,221
Afghanistan

Final scores:

Cris Sean Jacqueline
$20,079 $7,400 $0
3-day champion: $83,458 2nd place: $2,000 3rd place: $1,000

Game dynamics:

Coryat scores:

Cris Sean Jacqueline
$26,200 $7,400 $800
34 R
(including 3 DDs),
4 W
12 R,
3 W
9 R,
7 W

Combined Coryat: $34,400

[game clues] [game scores] [suggest correction]

Game tape date: 2022-08-09
The J! Archive is created by fans, for fans. Scraping, republication, monetization, and malicious use prohibited; this site may use cookies and collect identifying information. See terms. The Jeopardy! game show and all elements thereof, including but not limited to copyright and trademark thereto, are the property of Jeopardy Productions, Inc. and are protected under law. This website is not affiliated with, sponsored by, or operated by Jeopardy Productions, Inc. Join the discussion at JBoard.tv.